000 00589nam a2200229Ia 4500
003 OSt
005 20220918202023.0
006 a|||||r|||| 00| 0
007 ta
008 220917b |||||||| |||| 00| 0 eng d
024 _a98,182
037 _cTextual
040 _aARTS
_cARTS
_beng
041 _2eng
_aeng
082 _aV2:28h3:K00, F4
100 _aFoster William
_987225
245 0 _aEast India House, its history and associations
260 _c1924
650 _aHISTORY
942 _hV2:28h3:K00, F4
_cTEXL
_2CC
999 _c221775
_d221775